| 000 | 00586nam a2200181Ia 4500 | ||
|---|---|---|---|
| 003 | OSt | ||
| 005 | 20260202101046.0 | ||
| 008 | 210210b1958 xxu||||| |||| 00| 0 eng d | ||
| 040 | _cAL | ||
| 041 | _aKannada | ||
| 082 | _a853/112 | ||
| 100 |
_aGANGADHARA HEGADE _9160914 _d ಗಂಗಾಧರ ಹೆಗಡೆ. |
||
| 245 |
_aDevata: murankada samajika sangita nataka: _bದೇವತಾ ಮೂರಂಕದ ಸಾಮಾಜಿಕ ಸಂಗೀತ ನಾಟಕ |
||
| 260 |
_aDharavada _bSamaja Pustakalaya _c1958 |
||
| 690 |
_aKannada Drama _9160915 |
||
| 906 | _a019384 | ||
| 942 |
_2ddc _cBK |
||
| 999 |
_c143504 _d143504 |
||